<?xml version="1.0" encoding="UTF-8"?>
<record
    xmlns:xsi="http://www.w3.org/2001/XMLSchema-instance"
    xsi:schemaLocation="http://www.loc.gov/MARC21/slim http://www.loc.gov/standards/marcxml/schema/MARC21slim.xsd"
    xmlns="http://www.loc.gov/MARC21/slim">

  <leader>01085nam a2200337 i 4500</leader>
  <controlfield tag="001">vtls000907043</controlfield>
  <controlfield tag="003">PNM</controlfield>
  <controlfield tag="005">20220103171833.0</controlfield>
  <controlfield tag="008">200703t20202020my     er    a000 0 may  </controlfield>
  <datafield tag="015" ind1=" " ind2=" ">
    <subfield code="a">M211-00354</subfield>
  </datafield>
  <datafield tag="020" ind1=" " ind2=" ">
    <subfield code="a">9789672226710</subfield>
    <subfield code="q">paperback</subfield>
    <subfield code="c">RM54.00</subfield>
  </datafield>
  <datafield tag="039" ind1=" " ind2="9">
    <subfield code="a">202112011219</subfield>
    <subfield code="b">azeantie</subfield>
    <subfield code="c">202112011022</subfield>
    <subfield code="d">masliza</subfield>
    <subfield code="c">202103012256</subfield>
    <subfield code="d">rosliza</subfield>
    <subfield code="c">202103012254</subfield>
    <subfield code="d">rosliza</subfield>
  </datafield>
  <datafield tag="040" ind1=" " ind2=" ">
    <subfield code="a">BNM</subfield>
    <subfield code="b">eng</subfield>
    <subfield code="c">BNM</subfield>
    <subfield code="d">PNM</subfield>
    <subfield code="d">PPAK</subfield>
    <subfield code="e">rda</subfield>
  </datafield>
  <datafield tag="049" ind1=" " ind2=" ">
    <subfield code="a">klpmal</subfield>
  </datafield>
  <datafield tag="082" ind1="0" ind2="4">
    <subfield code="a">808.882</subfield>
    <subfield code="2">23</subfield>
  </datafield>
  <datafield tag="090" ind1="0" ind2="0">
    <subfield code="a">808.882</subfield>
    <subfield code="b">HAS</subfield>
    <subfield code="d">G</subfield>
  </datafield>
  <datafield tag="100" ind1="0" ind2=" ">
    <subfield code="a">Haslinda Hashim,</subfield>
    <subfield code="e">author.</subfield>
  </datafield>
  <datafield tag="245" ind1="1" ind2="0">
    <subfield code="a">HARIMAU YANG MENGAUM /</subfield>
    <subfield code="c">Haslinda Hashim ; Ketua Editor: M. Azli</subfield>
  </datafield>
  <datafield tag="264" ind1=" " ind2="1">
    <subfield code="a">Kuantan, Pahang :</subfield>
    <subfield code="b">Pejabat SUARA UMP, Universiti Malaysia Pahang,</subfield>
    <subfield code="c">2020</subfield>
  </datafield>
  <datafield tag="264" ind1=" " ind2="4">
    <subfield code="c">&#xA9;2020</subfield>
  </datafield>
  <datafield tag="300" ind1=" " ind2=" ">
    <subfield code="a">vi, 314 pages ;</subfield>
    <subfield code="c">23 cm</subfield>
  </datafield>
  <datafield tag="336" ind1=" " ind2=" ">
    <subfield code="a">text</subfield>
    <subfield code="2">rdacontent</subfield>
  </datafield>
  <datafield tag="337" ind1=" " ind2=" ">
    <subfield code="a">unmediated</subfield>
    <subfield code="2">rdamedia</subfield>
  </datafield>
  <datafield tag="338" ind1=" " ind2=" ">
    <subfield code="a">volume</subfield>
    <subfield code="2">rdacarrier</subfield>
  </datafield>
  <datafield tag="650" ind1="1" ind2="0">
    <subfield code="a">College students</subfield>
    <subfield code="v">Anecdotes</subfield>
  </datafield>
  <datafield tag="650" ind1="2" ind2="0">
    <subfield code="a">Students</subfield>
    <subfield code="v">Anecdotes</subfield>
  </datafield>
  <datafield tag="650" ind1="2" ind2="0">
    <subfield code="a">Anecdotes</subfield>
  </datafield>
  <datafield tag="650" ind1="2" ind2="0">
    <subfield code="a">Government publications</subfield>
    <subfield code="z">Malaysia</subfield>
  </datafield>
  <datafield tag="700" ind1="0" ind2=" ">
    <subfield code="a">M. Azli,</subfield>
    <subfield code="e">editor.</subfield>
  </datafield>
  <datafield tag="942" ind1=" " ind2=" ">
    <subfield code="2">ddc</subfield>
    <subfield code="c">B</subfield>
  </datafield>
  <datafield tag="999" ind1=" " ind2=" ">
    <subfield code="c">186833</subfield>
    <subfield code="d">186833</subfield>
  </datafield>
  <datafield tag="952" ind1=" " ind2=" ">
    <subfield code="0">0</subfield>
    <subfield code="7">0</subfield>
    <subfield code="b">PPAK</subfield>
    <subfield code="c">G</subfield>
    <subfield code="d">2022-03-02</subfield>
    <subfield code="l">1</subfield>
    <subfield code="o">808.882 HAS</subfield>
    <subfield code="p">A01725106</subfield>
    <subfield code="r">2024-07-23 12:02:47</subfield>
    <subfield code="s">2024-07-06</subfield>
    <subfield code="y">B</subfield>
  </datafield>
  <datafield tag="952" ind1=" " ind2=" ">
    <subfield code="0">0</subfield>
    <subfield code="7">0</subfield>
    <subfield code="b">SP</subfield>
    <subfield code="c">G</subfield>
    <subfield code="d">2022-03-02</subfield>
    <subfield code="o">808.882 HAS</subfield>
    <subfield code="p">A01725107</subfield>
    <subfield code="r">2022-03-02 00:00:00</subfield>
    <subfield code="y">B</subfield>
  </datafield>
  <datafield tag="952" ind1=" " ind2=" ">
    <subfield code="0">0</subfield>
    <subfield code="7">0</subfield>
    <subfield code="b">KM</subfield>
    <subfield code="c">G</subfield>
    <subfield code="d">2022-03-02</subfield>
    <subfield code="o">808.882 HAS</subfield>
    <subfield code="p">A01725108</subfield>
    <subfield code="r">2022-03-02 00:00:00</subfield>
    <subfield code="y">B</subfield>
  </datafield>
  <datafield tag="952" ind1=" " ind2=" ">
    <subfield code="0">0</subfield>
    <subfield code="7">0</subfield>
    <subfield code="b">BL</subfield>
    <subfield code="c">G</subfield>
    <subfield code="d">2022-03-02</subfield>
    <subfield code="o">808.882 HAS</subfield>
    <subfield code="p">A01725109</subfield>
    <subfield code="r">2022-03-02 00:00:00</subfield>
    <subfield code="y">B</subfield>
  </datafield>
  <datafield tag="952" ind1=" " ind2=" ">
    <subfield code="0">0</subfield>
    <subfield code="7">0</subfield>
    <subfield code="b">BB</subfield>
    <subfield code="c">G</subfield>
    <subfield code="d">2022-03-02</subfield>
    <subfield code="o">808.882 HAS</subfield>
    <subfield code="p">A01725110</subfield>
    <subfield code="r">2022-03-02 00:00:00</subfield>
    <subfield code="y">B</subfield>
  </datafield>
  <datafield tag="952" ind1=" " ind2=" ">
    <subfield code="0">0</subfield>
    <subfield code="7">0</subfield>
    <subfield code="b">YN</subfield>
    <subfield code="c">G</subfield>
    <subfield code="d">2022-03-02</subfield>
    <subfield code="o">808.882 HAS</subfield>
    <subfield code="p">A01725111</subfield>
    <subfield code="r">2022-03-02 00:00:00</subfield>
    <subfield code="y">B</subfield>
  </datafield>
</record>
